000 00618nam a2200205 i 4500
001 68928
003 ES-MaACL
005 20230906170408.0
007 t|
008 040702q1909 fr ||||1| fre d
100 1 _aAmiel, Denys.
_921231
245 1 0 _aHenry Bataille
_b: biographie-critique... /
_cpar Denys Amiel.
260 _aParis :
_bE. Sansot,
_c[1909?]
300 _a62 p. :
_b1 retr. ;
_c18 cm.
490 1 _aLes célébrités d'aujourd'hui
600 1 4 _aBataille, Henry-
_xBiografías.
_926393
830 0 _aLes célébrités d'aujourd'hui
_9180788
852 _aES-MaACL
_jD-757(3)
999 _c68928
_d68928